| 000 | 01742nam0a2200349 4500 | ||
|---|---|---|---|
| 001 | RU\NLR\bibl\1093409 | ||
| 005 | 20250615053059.0 | ||
| 010 |
_a978-5-89814-368-8 _93000 |
||
| 021 |
_aRU _b2007-27340 _91454 |
||
| 035 | _a(NLR Aleph) 001080534 | ||
| 090 |
_a1055652 _c1055652 |
||
| 100 | _a20070531d2007 |||y0rusy50 ca | ||
| 101 | 0 | _arus | |
| 102 | _aRU | ||
| 105 | _aa ||||||||| | ||
| 200 | 1 |
_aЛечебно-профилактический танец "ФИТНЕС-ДАНС" _eучебно-методическое пособие _eучебное пособие для студентов высших учебных заведений по направлению "Педагогика" _fЖ. Е. Фирилева, Е. Г. Сайкина |
|
| 210 |
_aСанкт-Петербург _cДетство-Пресс _d2007 |
||
| 215 |
_a375, [1] с. _cил. _d21 |
||
| 320 | _aБиблиогр.: с. 351-355 (73 назв.) | ||
| 606 | 1 |
_aДети _jУчебно-методические пособия для высших учебных заведений _xБолезни _xЛечебная гимнастика _91218005 _3RU\NLR\AUTH\66176987 |
|
| 606 | 1 |
_aДети _jУчебно-методические пособия для высших учебных заведений _xФизическое воспитание _9937895 _3RU\NLR\auth\66346522 |
|
| 686 | _aР733-541я73 | ||
| 686 | _aЧ313.54я73-1 | ||
| 700 | 1 |
_aФирилева _bЖ. Е. _gЖанна Евгеньевна _4070 |
|
| 701 | 1 |
_aСайкина _bЕ. Г. _gЕлена Гавриловна _4070 |
|
| 801 | 0 |
_aRU _bNLR _c20070531 _gRCR |
|
| 801 | 1 |
_aRU _bNLR _c20070531 |
|
| 830 | _aавт. по кн. | ||
| 942 | _cBOOK | ||
| 980 | _aNB | ||